| 000 | 01129nam2a22002411 4500 | ||
|---|---|---|---|
| 001 | RU\NLR\INFOCOMM31\5000101988 | ||
| 005 | 20250617035559.0 | ||
| 035 | _a(NLR Aleph) 002428964 | ||
| 090 |
_a1975509 _c1975509 |
||
| 100 | _a20050207d1982 |||y0rusy50 ca | ||
| 101 | 0 | _arus | |
| 102 | _aRU | ||
| 105 | _ay ||||000|y | ||
| 200 | 1 | _aЭкономическая эффективность ухода за лесом | |
| 210 |
_d1982 _aБ. м. |
||
| 461 | 0 |
_1001RU\NLR\INFOCOMM31\5000101926 _12001#$aЭкономика и организация лесохозяйственного производства$eОбзор. информ.$fГос. ком. СССР по лесн. хоз-ву. ЦБНТИ$v1982, Вып.3 _91975112 _cМ. _d1979-1989 _fГос. ком. СССР по лесн. хоз-ву. ЦБНТИ _oОбзор. информ. _tЭкономика и организация лесохозяйственного производства _x0130-9129 _v1982, Вып.3 |
|
| 801 | 1 |
_aRU _bInfoComm _c20050207 |
|
| 801 | 0 |
_aRU _bNLR _gPSBO |
|
| 852 |
_aNLR _jП22/4826 |
||
| 942 | _cISSUE | ||
| 980 | _aNB | ||
| 980 | _aRUSPER | ||